[Event "OPEN JASTRZEBIE-ZDROJ 2021"]
[Site "Jastrzebie-Zdroj"]
[Date "2021.11.07"]
[Round "1.1"]
[White "Niedbala, Bartlomiej"]
[Black "Seemann, Pola"]
[Result "1-0"]
[WhiteElo "2382"]
[BlackElo "1491"]
[PlyCount "95"]
[EventDate "2021.??.??"]

1. e4 e5 2. Nf3 Nc6 3. Bb5 a6 4. Ba4 Nf6 5. O-O Be7 6. Re1 b5 7. Bb3 O-O 8. a4
Bb7 9. d3 Na5 10. Ba2 d6 11. Bd2 c5 12. Nc3 b4 13. Ne2 Nc6 14. Ng3 Bc8 15. c3
a5 16. h3 Rb8 17. Be3 Qc7 18. Rc1 Be6 19. Bxe6 fxe6 20. d4 Nd7 21. d5 exd5 22.
exd5 Nd8 23. c4 Nf6 24. b3 Re8 25. Ng5 Bf8 26. Qc2 g6 27. Rcd1 Bh6 28. N5e4
Nxe4 29. Nxe4 Bg7 30. h4 Qd7 31. Qd3 Rf8 32. g3 Nf7 33. Kg2 Nh6 34. Ng5 Ng4 35.
Ne6 Rf6 36. Re2 Re8 37. Bg5 Rf5 38. f3 Nh6 39. g4 Rf7 40. Qd2 Nxg4 41. fxg4 Qb7
42. Nxg7 Kxg7 43. Rf2 e4 44. Rdf1 Rxf2+ 45. Qxf2 Qd7 46. Kg3 e3 47. Qf6+ Kg8
48. Bh6 1-0

[Event "OPEN JASTRZEBIE-ZDROJ 2021"]
[Site "Jastrzebie-Zdroj"]
[Date "2021.11.07"]
[Round "1.2"]
[White "Tomanec, Samuel"]
[Black "Tymrakiewicz, Rafal"]
[Result "0-1"]
[WhiteElo "1464"]
[BlackElo "2225"]
[PlyCount "68"]
[EventDate "2021.??.??"]

1. e4 Nf6 2. Nc3 d5 3. exd5 Nxd5 4. Bc4 e6 5. Nge2 c5 6. O-O Nb6 7. Bb5+ Bd7 8.
Bxd7+ Qxd7 9. b3 Nc6 10. Bb2 Be7 11. Ne4 e5 12. f4 f5 13. N4g3 e4 14. Bxg7 Rg8
15. Nh5 Qe6 16. Neg3 O-O-O 17. Re1 Bh4 18. Re3 Nd5 19. Re1 Qg6 20. Be5 Nxe5 21.
fxe5 f4 22. Rxe4 Bxg3 23. Qf3 Bh4 24. Nxf4 Nxf4 25. Rxf4 Rxd2 26. g3 Bd8 27.
Rf7 Bc7 28. Rf8+ Rxf8 29. Qxf8+ Rd8 30. Qxc5 Qe4 31. Rf1 Kb8 32. Rf4 Rd1+ 33.
Kf2 Rd2+ 34. Kf1 Qe2+ 0-1

[Event "OPEN JASTRZEBIE-ZDROJ 2021"]
[Site "Jastrzebie-Zdroj"]
[Date "2021.11.07"]
[Round "1.3"]
[White "Adamczyk, Zuzanna"]
[Black "Wojs, Alicja"]
[Result "1-0"]
[WhiteElo "2035"]
[BlackElo "1375"]
[PlyCount "97"]
[EventDate "2021.??.??"]

1. d4 d5 2. c4 c6 3. Nf3 Nf6 4. Qb3 Qb6 5. Nc3 e6 6. c5 Qxb3 7. axb3 Bd7 8. e3
Be7 9. b4 O-O 10. Bd3 Rd8 11. Bd2 Be8 12. Ke2 Nbd7 13. b5 Nf8 14. Ra2 cxb5 15.
Nxb5 Bxb5 16. Bxb5 a6 17. Rha1 Ne8 18. Bd3 Rac8 19. Ba5 Nc7 20. c6 b5 21. Bxc7
Rxc7 22. Rxa6 Bd6 23. Rb6 b4 24. Bb5 Ng6 25. Rb7 h6 26. Rxc7 Bxc7 27. Ra7 Bd6
28. Ba6 Nf8 29. c7 Bxc7 30. Rxc7 Ra8 31. Rc6 Kh7 32. Bd3+ g6 33. Rb6 Ra4 34.
Bc2 Ra2 35. Rxb4 Kg7 36. Rb7 Nh7 37. Ne5 Ng5 38. Bxg6 Ne4 39. Bxe4 dxe4 40.
Rxf7+ Kg8 41. Rb7 Ra8 42. Ng4 h5 43. Nf6+ Kf8 44. Nxe4 Rc8 45. Nc5 e5 46. Nd7+
Ke8 47. Nxe5 Rc2+ 48. Kf3 h4 49. b4 1-0

[Event "OPEN JASTRZEBIE-ZDROJ 2021"]
[Site "Jastrzebie-Zdroj"]
[Date "2021.11.07"]
[Round "1.4"]
[White "Radzimski, Adam"]
[Black "Posluszny, Tomasz"]
[Result "0-1"]
[WhiteElo "1356"]
[BlackElo "2034"]
[PlyCount "64"]
[EventDate "2021.??.??"]

1. e4 c5 2. Nf3 d6 3. d4 cxd4 4. Nxd4 Nf6 5. Nc3 a6 6. Be2 e5 7. Nb3 Be7 8. O-O
Be6 9. Be3 Nbd7 10. f4 b5 11. a3 Qc7 12. Qd2 Nb6 13. Rae1 Nc4 14. Bxc4 bxc4 15.
f5 Bc8 16. Nc1 Bb7 17. Bf2 O-O 18. Re3 Rfd8 19. Rd1 d5 20. exd5 Nxd5 21. Nxd5
Rxd5 22. Qe1 Qc6 23. Rxd5 Qxd5 24. Rg3 Bh4 25. Rf3 e4 26. Re3 Bg5 27. Rg3 Bf4
28. Rg4 Qxf5 29. h3 h5 30. Rh4 e3 31. Bg3 Qd5 32. Qe2 Bxg3 0-1

[Event "OPEN JASTRZEBIE-ZDROJ 2021"]
[Site "Jastrzebie-Zdroj"]
[Date "2021.11.07"]
[Round "1.5"]
[White "Herwy, Jakub"]
[Black "Figa, Karolina"]
[Result "1-0"]
[WhiteElo "1866"]
[BlackElo "1355"]
[PlyCount "55"]
[EventDate "2021.??.??"]

1. e4 c6 2. Nc3 d5 3. Nf3 dxe4 4. Nxe4 Nf6 5. Nxf6+ exf6 6. d4 Bd6 7. Bd3 O-O
8. O-O Bg4 9. h3 Bh5 10. c4 Re8 11. Be3 Nd7 12. c5 Bc7 13. Bc4 b5 14. Bb3 a5
15. a4 Rb8 16. axb5 Rxb5 17. Ba4 Rxb2 18. Bxc6 Rb4 19. Bxd7 Qxd7 20. d5 Bxf3
21. Qxf3 Ree4 22. d6 Bb8 23. Rxa5 Ra4 24. Rxa4 Rxa4 25. Rb1 Bxd6 26. Rd1 Ra6
27. cxd6 Rc6 28. Qxc6 1-0

[Event "OPEN JASTRZEBIE-ZDROJ 2021"]
[Site "Jastrzebie-Zdroj"]
[Date "2021.11.07"]
[Round "1.6"]
[White "Fojcik, Kacper"]
[Black "Drabiniok, Kazimierz"]
[Result "0-1"]
[WhiteElo "1345"]
[BlackElo "1856"]
[PlyCount "98"]
[EventDate "2021.??.??"]

1. d4 d6 2. c4 g6 3. Nc3 Bg7 4. e4 e5 5. d5 f5 6. f3 Nf6 7. Be3 fxe4 8. Nxe4
Nxe4 9. fxe4 Qh4+ 10. Bf2 Qxe4+ 11. Qe2 Bf5 12. Nf3 Nd7 13. Qxe4 Bxe4 14. Be2
Bxf3 15. gxf3 Nf6 16. O-O-O Nh5 17. Be3 Rf8 18. Rhf1 O-O-O 19. Bd3 Nf4 20. Bxf4
Rxf4 21. Be4 Rh4 22. Rf2 Rf8 23. Rg2 Bh6+ 24. Kc2 Bf4 25. Rh1 Rh3 26. Kd3 Rf6
27. Ke2 Kd7 28. b3 Ke7 29. Kd3 Rf8 30. Ke2 Kf6 31. Kd3 g5 32. Ke2 h5 33. Kd1
Rg8 34. Rhg1 Rb8 35. a4 a5 36. Kc2 Rh8 37. Kd3 Rxh2 38. Rxh2 Bxh2 39. Rh1 Bf4
40. Ke2 h4 41. Kf2 h3 42. Bd3 e4 43. Bxe4 Ke5 44. Bc2 Kd4 45. Bd1 Kc3 46. Rg1
Kd2 47. Rh1 h2 48. Kg2 Be3 49. f4 gxf4 0-1

[Event "OPEN JASTRZEBIE-ZDROJ 2021"]
[Site "Jastrzebie-Zdroj"]
[Date "2021.11.07"]
[Round "1.7"]
[White "Novak, Jiri"]
[Black "Kordela, Kamil"]
[Result "1-0"]
[WhiteElo "1845"]
[BlackElo "1343"]
[PlyCount "63"]
[EventDate "2021.??.??"]

1. e4 e5 2. f4 Nc6 3. Nf3 f6 4. Bb5 Nge7 5. O-O a6 6. Ba4 b5 7. Bb3 Bb7 8. fxe5
fxe5 9. Ng5 d5 10. exd5 Nxd5 11. Nf7 Bc5+ 12. Kh1 Qd7 13. Nxh8 O-O-O 14. Nf7
Re8 15. Qf3 Nf4 16. Qg3 g6 17. Nxe5 Nxe5 18. Qxf4 Qc6 19. Qg3 Nc4 20. Nc3 b4
21. Bxc4 bxc3 22. dxc3 Qe4 23. Bd3 Qc6 24. Bf4 Kb8 25. Rae1 Rxe1 26. Rxe1 Bb6
27. Be4 Qc5 28. Bxb7 Kxb7 29. Be3 Qc6 30. Qf3 Qxf3 31. gxf3 Bxe3 32. Rxe3 1-0

[Event "OPEN JASTRZEBIE-ZDROJ 2021"]
[Site "Jastrzebie-Zdroj"]
[Date "2021.11.07"]
[Round "1.8"]
[White "Kubiniok, Stanislaw"]
[Black "Piechota, Kamil"]
[Result "0-1"]
[WhiteElo "1318"]
[BlackElo "1752"]
[PlyCount "94"]
[EventDate "2021.??.??"]

1. d4 Nf6 2. Nf3 e6 3. c4 d5 4. Nc3 c6 5. cxd5 exd5 6. e3 Bd6 7. Be2 Bf5 8. Nh4
Be6 9. Qb3 Qc7 10. Nf3 Nbd7 11. h3 Ne4 12. Bd3 Ndf6 13. Qc2 Bf5 14. Bxe4 Nxe4
15. O-O Ng3 16. e4 Bxe4 17. Nxe4 Nxe4 18. Re1 O-O 19. Be3 Rfe8 20. Rac1 Re7 21.
a3 Rae8 22. Rb1 a6 23. b4 Bf4 24. Rb3 Bxe3 25. Rbxe3 Nd6 26. Ng5 g6 27. Qc1 Nc4
28. Rxe7 Rxe7 29. Rd1 Qd6 30. Nf3 Kg7 31. Nh2 f6 32. Ng4 g5 33. g3 h5 34. Nh2
Qe6 35. g4 Re8 36. Qc3 Qe2 37. Rf1 Re4 38. gxh5 Qxh5 39. Re1 Qe8 40. Rf1 Qb8
41. Ng4 Qf4 42. Kg2 Qd2 43. Qf3 Rf4 44. Qc3 Qxd4 45. Qg3 Qe4+ 46. Kg1 Qf3 47.
Qh2 f5 0-1

[Event "OPEN JASTRZEBIE-ZDROJ 2021"]
[Site "Jastrzebie-Zdroj"]
[Date "2021.11.07"]
[Round "1.9"]
[White "Gepfert, Cyprian"]
[Black "Lajdamik, Kinga"]
[Result "1-0"]
[WhiteElo "1745"]
[BlackElo "1307"]
[PlyCount "128"]
[EventDate "2021.??.??"]

1. e4 c6 2. d4 d5 3. e5 Bf5 4. h4 h6 5. g4 Be4 6. f3 Bh7 7. e6 Qd6 8. exf7+
Kxf7 9. Ne2 Nd7 10. Bg2 Qg6 11. c3 Qd3 12. Qxd3 Bxd3 13. Nf4 Ba6 14. Kf2 e5 15.
dxe5 Nxe5 16. Be3 Bd6 17. Nd2 b6 18. h5 Re8 19. Bf1 Bc8 20. Re1 Nf6 21. Nd3
Rhf8 22. Nxe5+ Bxe5 23. Bd3 Kg8 24. Kg2 c5 25. Bg6 Re7 26. g5 hxg5 27. Bxg5 Bd6
28. Rxe7 Bxe7 29. Re1 Bd6 30. Nf1 Nh7 31. Be7 Bxe7 32. Rxe7 a6 33. h6 Ng5 34.
Rxg7+ Kh8 35. Nh2 Ne6 36. Rh7+ Kg8 37. Bc2 Rf7 38. Rxf7 Kxf7 39. Ng4 d4 40.
Ne5+ Kf6 41. h7 Kg7 42. Ng6 Kxh7 43. Ne7+ Kg7 44. Nxc8 d3 45. Bd1 b5 46. Kf2 c4
47. Ke3 Kf6 48. f4 Nc7 49. Bf3 Ke6 50. Bg4+ Kf6 51. Nd6 Ke7 52. Nf5+ Kf6 53.
Nd4 Nd5+ 54. Ke4 Ne7 55. Bd1 Nc8 56. b3 Ne7 57. bxc4 bxc4 58. a4 a5 59. Bg4 Kf7
60. Be6+ Kf6 61. Ke3 Kg6 62. Bxc4 Nf5+ 63. Nxf5 Kxf5 64. Bxd3+ Ke6 1-0

[Event "OPEN JASTRZEBIE-ZDROJ 2021"]
[Site "Jastrzebie-Zdroj"]
[Date "2021.11.07"]
[Round "1.10"]
[White "Stronczek, Karol"]
[Black "Marcinowski, Marek"]
[Result "0-1"]
[WhiteElo "1285"]
[BlackElo "1740"]
[PlyCount "82"]
[EventDate "2021.??.??"]

1. b4 c6 2. a3 Nf6 3. e3 d5 4. d4 Bf5 5. c4 Nbd7 6. c5 e6 7. Bb2 Be7 8. Bd3
Bxd3 9. Qxd3 O-O 10. Nf3 a5 11. b5 b6 12. bxc6 Nb8 13. Qb5 bxc5 14. dxc5 Qc7
15. Nbd2 Nxc6 16. Bd4 Rfb8 17. Qd3 e5 18. Qc2 exd4 19. exd4 Nd7 20. O-O Bf6 21.
Qc3 Nf8 22. Nb3 a4 23. Nc1 Ne6 24. Ne2 Rb3 25. Qd2 Rab8 26. Rfd1 Na5 27. Nc3
Nc4 28. Qe1 Qc6 29. Ne5 Nxe5 30. dxe5 Be7 31. Nxd5 Bxc5 32. Rac1 Qe8 33. Qa5
Bxa3 34. Ra1 Bb2 35. Rxa4 Bxe5 36. Re4 Rb1 37. Qe1 Rxd1 38. Qxd1 Bb2 39. Nc7
Qd8 40. Nd5 Rc8 41. Re1 Rc1 0-1

[Event "OPEN JASTRZEBIE-ZDROJ 2021"]
[Site "Jastrzebie-Zdroj"]
[Date "2021.11.07"]
[Round "1.11"]
[White "Zmarzly, Wiktor"]
[Black "Marszalek, Julian"]
[Result "1-0"]
[WhiteElo "1665"]
[BlackElo "1230"]
[PlyCount "47"]
[EventDate "2021.??.??"]

1. c4 e5 2. Nc3 Bb4 3. g3 Bxc3 4. dxc3 Nc6 5. Bg2 Nge7 6. e4 d6 7. Ne2 Be6 8.
b3 a5 9. a4 O-O 10. O-O Qd7 11. f4 Bh3 12. f5 Bxg2 13. Kxg2 f6 14. g4 Kf7 15.
Ng3 Rh8 16. g5 Rag8 17. gxf6 gxf6 18. Qh5+ Kf8 19. Bh6+ Rg7 20. Qg4 Rhg8 21.
Nh5 Ng6 22. Bxg7+ Rxg7 23. Nxg7 Kxg7 24. Qg3 1-0

[Event "OPEN JASTRZEBIE-ZDROJ 2021"]
[Site "Jastrzebie-Zdroj"]
[Date "2021.11.07"]
[Round "1.12"]
[White "Chaber, Dominik"]
[Black "Matusiak, Andrzej"]
[Result "1-0"]
[WhiteElo "1214"]
[BlackElo "1659"]
[PlyCount "86"]
[EventDate "2021.??.??"]

1. g3 e5 2. Bg2 d5 3. e3 Nf6 4. d3 Nc6 5. Nc3 Bb4 6. Bd2 O-O 7. a3 Ba5 8. b4
Bb6 9. Na4 Be6 10. Nxb6 axb6 11. Bc3 e4 12. Bxf6 Qxf6 13. dxe4 dxe4 14. Bxe4
Qc3+ 15. Kf1 Rxa3 16. Rxa3 Qxa3 17. b5 Rd8 18. Qh5 g6 19. Qg5 Rd1+ 20. Kg2 Na5
21. Bd3 Qd6 22. e4 Kg7 23. h4 h6 24. Qe3 h5 25. Nf3 Rxh1 26. Kxh1 Nc4 27. Bxc4
Bxc4 28. Qc3+ Qf6 29. e5 Qe6 30. Ng5 Qd5+ 31. Kh2 Kg8 32. e6 Qc5 33. exf7+ Bxf7
34. Qxc5 bxc5 35. Nxf7 Kxf7 36. g4 Ke6 37. Kg3 c4 38. Kf4 hxg4 39. Kg5 Kf7 40.
Kxg4 Kf6 41. Kf4 c6 42. bxc6 bxc6 43. Ke4 g5 1-0

[Event "OPEN JASTRZEBIE-ZDROJ 2021"]
[Site "Jastrzebie-Zdroj"]
[Date "2021.11.07"]
[Round "1.13"]
[White "Golis, Wiktor"]
[Black "Gawron, Tobiasz"]
[Result "1-0"]
[WhiteElo "1591"]
[BlackElo "1190"]
[PlyCount "49"]
[EventDate "2021.??.??"]

1. e4 c5 2. Nf3 e6 3. d4 cxd4 4. Nxd4 Nf6 5. Nc3 Nc6 6. Nxc6 bxc6 7. e5 Nd5 8.
Ne4 Qc7 9. f4 Qa5+ 10. c3 Be7 11. Bd3 Ba6 12. O-O O-O 13. c4 Nb4 14. b3 Bc5+
15. Kh1 Bd4 16. Nf6+ gxf6 17. Bxh7+ Kxh7 18. Qh5+ Kg7 19. Qg4+ Kh6 20. Rf3 Bf2
21. Rh3+ Bh4 22. f5+ Kh7 23. Qxh4+ Kg7 24. Qh6+ Kg8 25. Qh7# 1-0

[Event "OPEN JASTRZEBIE-ZDROJ 2021"]
[Site "Jastrzebie-Zdroj"]
[Date "2021.11.07"]
[Round "2.1"]
[White "Gepfert, Cyprian"]
[Black "Niedbala, Bartlomiej"]
[Result "0-1"]
[WhiteElo "1745"]
[BlackElo "2382"]
[PlyCount "54"]
[EventDate "2021.??.??"]

1. e4 c5 2. Nf3 d6 3. d4 cxd4 4. Nxd4 Nf6 5. Nc3 a6 6. Rg1 b5 7. g4 Bb7 8. Bg2
e6 9. Be3 Nfd7 10. Qf3 Ne5 11. Qh3 Nc4 12. O-O-O Nd7 13. f4 Be7 14. Bf2 Rc8 15.
g5 g6 16. Bf3 b4 17. Nce2 e5 18. Nf5 gxf5 19. g6 fxg6 20. Rxg6 hxg6 21. Qxh8+
Nf8 22. fxe5 Nxe5 23. Nd4 Bg5+ 24. Kb1 Bf6 25. Qh3 Nxf3 26. Nxf3 Bxe4 27. Ng5
Bxc2+ 0-1

[Event "OPEN JASTRZEBIE-ZDROJ 2021"]
[Site "Jastrzebie-Zdroj"]
[Date "2021.11.07"]
[Round "2.2"]
[White "Tymrakiewicz, Rafal"]
[Black "Zmarzly, Wiktor"]
[Result "1-0"]
[WhiteElo "2225"]
[BlackElo "1665"]
[PlyCount "49"]
[EventDate "2021.??.??"]

1. d4 d5 2. Bg5 Nf6 3. e3 e6 4. Nd2 Be7 5. Bd3 b6 6. c3 Bb7 7. Bxf6 Bxf6 8. f4
Nd7 9. Ngf3 Be7 10. Ne5 Nxe5 11. fxe5 Qd7 12. O-O Bg5 13. Qe2 O-O-O 14. b4 Rdf8
15. a4 f6 16. exf6 gxf6 17. a5 Kd8 18. axb6 axb6 19. Ra7 Bc8 20. c4 e5 21. Bf5
Qg7 22. Bxc8 Kxc8 23. cxd5 exd4 24. exd4 Bxd2 25. Ra8+ 1-0

[Event "OPEN JASTRZEBIE-ZDROJ 2021"]
[Site "Jastrzebie-Zdroj"]
[Date "2021.11.07"]
[Round "2.3"]
[White "Marcinowski, Marek"]
[Black "Adamczyk, Zuzanna"]
[Result "1/2-1/2"]
[WhiteElo "1740"]
[BlackElo "2035"]
[PlyCount "94"]
[EventDate "2021.??.??"]

1. d4 Nf6 2. Nf3 e6 3. Bf4 c5 4. e3 d5 5. c3 Nc6 6. Nbd2 cxd4 7. cxd4 Nh5 8.
Bg3 Nxg3 9. hxg3 g6 10. a3 Bg7 11. Be2 Bd7 12. b4 Rc8 13. O-O O-O 14. Rc1 Qe7
15. Nb3 Rfd8 16. b5 Nb8 17. a4 b6 18. Rxc8 Rxc8 19. Qa1 f6 20. Rc1 e5 21. Rxc8+
Bxc8 22. Qc3 Bg4 23. Nc1 e4 24. Ne1 Be6 25. Nc2 Bf8 26. Na2 Qd6 27. Ncb4 Kg7
28. Bd1 f5 29. Bb3 g5 30. Nc2 a5 31. Qb2 Nd7 32. Nc3 Nf6 33. Ne2 Be7 34. Qc3
Bd7 35. Qa1 Bd8 36. Qa2 Be6 37. Na3 Qb4 38. Kf1 h5 39. Nb1 Qd6 40. Nbc3 Bc7 41.
f4 g4 42. Kf2 Bd8 43. Nc1 Bf7 44. N1e2 Be6 45. Qb1 Bd7 46. Qh1 Be8 47. Qc1 Bd7
1/2-1/2

[Event "OPEN JASTRZEBIE-ZDROJ 2021"]
[Site "Jastrzebie-Zdroj"]
[Date "2021.11.07"]
[Round "2.4"]
[White "Posluszny, Tomasz"]
[Black "Golis, Wiktor"]
[Result "1-0"]
[WhiteElo "2034"]
[BlackElo "1591"]
[PlyCount "97"]
[EventDate "2021.??.??"]

1. d4 Nf6 2. c4 e6 3. Nf3 Bb4+ 4. Nbd2 O-O 5. e3 b6 6. Bd3 Bb7 7. Qc2 d6 8. O-O
Nbd7 9. a3 Bxd2 10. Nxd2 e5 11. b4 Qe7 12. d5 Rfe8 13. e4 Nf8 14. Re1 Ng6 15.
g3 Bc8 16. Bf1 h6 17. Bg2 Rf8 18. Nf1 a6 19. Ne3 b5 20. c5 dxc5 21. bxc5 Nd7
22. d6 cxd6 23. Nd5 Qd8 24. cxd6 Nb6 25. Nxb6 Qxb6 26. Rd1 Bg4 27. Rd3 Rac8 28.
Qb2 Rfd8 29. Be3 Qb7 30. h3 Be6 31. Rad1 Bc4 32. R3d2 f6 33. f4 Rc6 34. Bf3
exf4 35. gxf4 Qd7 36. Kh2 Nh4 37. Bh1 Rcc8 38. Kg3 Ng6 39. Bf3 Nf8 40. Qb4 f5
41. exf5 Qxf5 42. Bg4 Qe4 43. Bb6 Ng6 44. Rf2 Rf8 45. Re1 Qd5 46. Bxc8 Rxc8 47.
Qd2 Qh5 48. d7 Qh4+ 49. Kh2 1-0

[Event "OPEN JASTRZEBIE-ZDROJ 2021"]
[Site "Jastrzebie-Zdroj"]
[Date "2021.11.07"]
[Round "2.5"]
[White "Radzimski, Antoni"]
[Black "Herwy, Jakub"]
[Result "0-1"]
[WhiteElo "1581"]
[BlackElo "1866"]
[PlyCount "76"]
[EventDate "2021.??.??"]

1. e4 c5 2. Nf3 e6 3. d4 cxd4 4. Nxd4 a6 5. Nc3 Qc7 6. g3 Nf6 7. Bg2 Nc6 8. O-O
Bc5 9. Be3 Ba7 10. Nxc6 dxc6 11. e5 Nd5 12. Bxa7 Rxa7 13. Qd4 Qb6 14. Qxb6 Nxb6
15. Ne4 Nc4 16. f4 Nxb2 17. Nd6+ Ke7 18. Rab1 Na4 19. Rb4 b5 20. Bxc6 Rc7 21.
Be4 Nc3 22. Rb2 f5 23. Bg2 Na4 24. Rbb1 Nc3 25. Rb2 Bd7 26. a3 Bc6 27. Bxc6
Rxc6 28. Re1 Rd8 29. Rb3 Rd7 30. h3 g6 31. g4 Nd5 32. gxf5 exf5 33. Rf3 Rxc2
34. Rd1 Ke6 35. h4 Rc3 36. Rxc3 Nxc3 37. Rd2 Nd5 38. Rd4 Nxf4 0-1

[Event "OPEN JASTRZEBIE-ZDROJ 2021"]
[Site "Jastrzebie-Zdroj"]
[Date "2021.11.07"]
[Round "2.6"]
[White "Drabiniok, Kazimierz"]
[Black "Dylong, Antoni"]
[Result "1-0"]
[WhiteElo "1856"]
[BlackElo "1551"]
[PlyCount "137"]
[EventDate "2021.??.??"]

1. e4 c5 2. b3 d6 3. Bb2 e6 4. Nf3 Nf6 5. e5 dxe5 6. Nxe5 Nbd7 7. Bb5 Be7 8.
O-O O-O 9. Re1 Nxe5 10. Bxe5 Bd7 11. Nc3 a6 12. Bxd7 Qxd7 13. Qe2 Rad8 14. d3
Qc6 15. Ne4 Nxe4 16. Qxe4 Qxe4 17. Rxe4 Rd5 18. Rae1 Bf6 19. Bxf6 gxf6 20. R1e3
Rd4 21. Kf1 Rfd8 22. Ke2 Kf8 23. Rh3 Rxe4+ 24. dxe4 Kg7 25. Rc3 b6 26. a4 Rc8
27. Rd3 c4 28. Rd6 cxb3 29. cxb3 Rb8 30. Kd3 Kf8 31. Rc6 b5 32. a5 Ra8 33. Kd4
Ke8 34. Rb6 Ra7 35. Rb8+ Kd7 36. Rh8 Kd6 37. Rxh7 Rc7 38. Rh8 e5+ 39. Kd3 b4
40. Rb8 Rc3+ 41. Kd2 Rxb3 42. Rb6+ Ke7 43. g3 Rb2+ 44. Ke3 Ra2 45. Rxa6 b3 46.
Rb6 b2 47. a6 Kf8 48. a7 Kg7 49. Kf3 Ra3+ 50. Kg4 Rxa7 51. Rxb2 Ra4 52. Kf5 Ra8
53. h4 Rh8 54. Rb6 Rh5+ 55. Kg4 Rh6 56. Rb8 Rg6+ 57. Kf5 Rh6 58. f3 Rg6 59. g4
Rh6 60. h5 Rh7 61. Rb6 Rh6 62. Rc6 Rh8 63. Rxf6 Ra8 64. h6+ Kf8 65. Kxe5 Ke7
66. g5 Ra3 67. h7 Ra8 68. Rh6 Rh8 69. Kf5 1-0

[Event "OPEN JASTRZEBIE-ZDROJ 2021"]
[Site "Jastrzebie-Zdroj"]
[Date "2021.11.07"]
[Round "2.7"]
[White "Ziebura, Paulina"]
[Black "Novak, Jiri"]
[Result "0-1"]
[WhiteElo "1559"]
[BlackElo "1845"]
[PlyCount "48"]
[EventDate "2021.??.??"]

1. c4 e5 2. Nc3 Bb4 3. a3 Bxc3 4. dxc3 h6 5. Nf3 d6 6. h3 Nf6 7. e3 O-O 8. Be2
b6 9. Bd2 Bb7 10. Qc2 Qe7 11. O-O-O Nbd7 12. Rhg1 Be4 13. Qb3 Nc5 14. Qa2 Qe6
15. b4 Nd3+ 16. Bxd3 Bxd3 17. g4 Be2 18. g5 Bxd1 19. gxf6 Qxf6 20. Kxd1 Qxf3+
21. Ke1 Qxh3 22. e4 c5 23. Rg3 Qh1+ 24. Ke2 Qxe4+ 0-1

[Event "OPEN JASTRZEBIE-ZDROJ 2021"]
[Site "Jastrzebie-Zdroj"]
[Date "2021.11.07"]
[Round "2.8"]
[White "Piechota, Kamil"]
[Black "Chaber, Dominik"]
[Result "1-0"]
[WhiteElo "1752"]
[BlackElo "1214"]
[PlyCount "67"]
[EventDate "2021.??.??"]

1. e4 c5 2. c3 d6 3. d4 cxd4 4. cxd4 g6 5. Nc3 Bg7 6. Nf3 a6 7. Bc4 Nf6 8. O-O
O-O 9. Bg5 Nbd7 10. e5 dxe5 11. dxe5 Ne8 12. e6 fxe6 13. Bxe6+ Kh8 14. Qe2 Nef6
15. Rfd1 Qc7 16. Rac1 Nc5 17. Na4 b6 18. b4 Bxe6 19. bxc5 b5 20. Qxe6 bxa4 21.
Ne5 Rab8 22. Nf7+ Kg8 23. Nh6+ Kh8 24. Nf7+ Kg8 25. Bxf6 Bxf6 26. Ne5+ Kg7 27.
Nd7 Qc8 28. Nxf8 Qxf8 29. c6 Rb2 30. c7 Bd4 31. Rf1 Qf4 32. c8=Q Bxf2+ 33. Kh1
Qg5 34. Qc3+ 1-0

[Event "OPEN JASTRZEBIE-ZDROJ 2021"]
[Site "Jastrzebie-Zdroj"]
[Date "2021.11.07"]
[Round "2.9"]
[White "Matusiak, Andrzej"]
[Black "Trybus, Dominika"]
[Result "1-0"]
[WhiteElo "1659"]
[BlackElo "1563"]
[PlyCount "103"]
[EventDate "2021.??.??"]

1. e4 c6 2. d4 d5 3. exd5 cxd5 4. Nf3 Nf6 5. Bf4 Bf5 6. Bb5+ Nc6 7. O-O e6 8.
Ne5 Rc8 9. Nxc6 bxc6 10. Ba6 Be7 11. Bxc8 Qxc8 12. c3 O-O 13. Nd2 Nd7 14. Qe2
f6 15. g4 g5 16. gxf5 gxf4 17. Qxe6+ Rf7 18. Kh1 Qe8 19. Rg1+ Kh8 20. Qxc6 Bf8
21. Rae1 Re7 22. Rxe7 Qxe7 23. Qe6 Qxe6 24. fxe6 Nb6 25. Re1 Be7 26. b3 Kg8 27.
Kg2 Kf8 28. c4 dxc4 29. Nxc4 Nd5 30. Na5 Bb4 31. Rc1 Nc3 32. Nc6 a5 33. Nxb4
axb4 34. Rc2 Ke7 35. a3 Kxe6 36. axb4 Nb5 37. Rc6+ Nd6 38. Rxd6+ Kxd6 39. Kf3
Kd5 40. Kxf4 Kxd4 41. Kf5 h5 42. Kxf6 h4 43. Kg5 h3 44. Kg4 Kc3 45. b5 Kxb3 46.
b6 Kc2 47. b7 Kd2 48. b8=Q Ke2 49. Qg3 Kf1 50. Qxh3+ Kg1 51. Kf3 Kh1 52. Qg2#
1-0

[Event "OPEN JASTRZEBIE-ZDROJ 2021"]
[Site "Jastrzebie-Zdroj"]
[Date "2021.11.07"]
[Round "2.11"]
[White "Lajdamik, Kinga"]
[Black "Tomanec, Samuel"]
[Result "0-1"]
[WhiteElo "1307"]
[BlackElo "1464"]
[PlyCount "64"]
[EventDate "2021.??.??"]

1. e4 e5 2. Nf3 Nc6 3. Bb5 Bc5 4. O-O Qf6 5. c3 Nge7 6. h3 h6 7. d3 a6 8. Ba4
b5 9. Bb3 O-O 10. Be3 Bxe3 11. fxe3 Qg6 12. Qe2 d6 13. Kh1 Be6 14. Nbd2 Bxb3
15. Nxb3 Rad8 16. Nh4 Qg3 17. Nf5 Nxf5 18. exf5 g6 19. e4 a5 20. Rad1 a4 21.
Nd2 b4 22. Rf3 Qg5 23. Re3 a3 24. Nf1 axb2 25. Rg3 Qc1 26. Nd2 bxc3 27. Nb3 Nd4
28. Nxd4 b1=Q 29. Rxc1 Qxc1+ 30. Kh2 exd4 31. Qh5 Qf4 32. a4 c2 0-1

[Event "OPEN JASTRZEBIE-ZDROJ 2021"]
[Site "Jastrzebie-Zdroj"]
[Date "2021.11.07"]
[Round "2.12"]
[White "Wojs, Alicja"]
[Black "Stronczek, Karol"]
[Result "1/2-1/2"]
[WhiteElo "1375"]
[BlackElo "1285"]
[PlyCount "108"]
[EventDate "2021.??.??"]

1. e4 e6 2. d4 d5 3. e5 c5 4. c3 Nc6 5. Nf3 Qb6 6. a3 cxd4 7. cxd4 Nh6 8. b4
Nf5 9. Be3 Nxe3 10. fxe3 a5 11. b5 Ne7 12. a4 Nf5 13. Qd3 Bb4+ 14. Nbd2 Bd7 15.
Be2 Bxd2+ 16. Nxd2 Rc8 17. O-O g6 18. Nb3 Qd8 19. Rac1 b6 20. Rxc8 Qxc8 21. Rc1
Qb8 22. Nd2 O-O 23. e4 Ne7 24. Bf3 Rc8 25. Rc3 Rxc3 26. Qxc3 Qc8 27. Qxc8+ Bxc8
28. Kf2 Bb7 29. Ke2 Kg7 30. Kd3 f5 31. exf6+ Kxf6 32. e5+ Kg7 33. Bg4 Bc8 34.
Nf3 Nf5 35. Bxf5 gxf5 36. Ke3 h6 37. Kf4 Bd7 38. Nd2 Kf8 39. h3 Be8 40. Nb3 Ke7
41. Nd2 Bh5 42. Nb1 Kf7 43. Nc3 Ke7 44. Kg3 Kf7 45. Kh4 Bg6 46. g3 Kg7 47. Ne2
Bf7 48. Nf4 Kh7 49. g4 fxg4 50. hxg4 Kg8 51. g5 hxg5+ 52. Kxg5 Kg7 53. Nh3 Bg6
54. Nf4 Bf7 1/2-1/2

[Event "OPEN JASTRZEBIE-ZDROJ 2021"]
[Site "Jastrzebie-Zdroj"]
[Date "2021.11.07"]
[Round "2.13"]
[White "Marszalek, Julian"]
[Black "Radzimski, Adam"]
[Result "1-0"]
[WhiteElo "1230"]
[BlackElo "1356"]
[PlyCount "73"]
[EventDate "2021.??.??"]

1. e4 c5 2. Nf3 d6 3. d4 cxd4 4. Nxd4 a6 5. Nc3 Nf6 6. f3 e6 7. Bc4 Be7 8. Bb3
Nbd7 9. Be3 Nc5 10. Qd2 Nxb3 11. Nxb3 b5 12. O-O-O Qc7 13. h4 Rb8 14. Kb1 a5
15. g4 b4 16. Ne2 e5 17. Ng3 a4 18. Nc1 Be6 19. g5 Nd7 20. Nf5 Bxf5 21. exf5 f6
22. g6 h6 23. Qd5 Rf8 24. Bxh6 Nb6 25. Qe6 Nc4 26. Rd3 Na3+ 27. bxa3 bxa3+ 28.
Nb3 axb3 29. Rxb3 Rxb3+ 30. Qxb3 Kd7 31. Qb5+ Qc6 32. Qxc6+ Kxc6 33. Bxg7 Rg8
34. h5 Rb8+ 35. Ka1 Bf8 36. Bxf8 Rxf8 37. h6 1-0

[Event "OPEN JASTRZEBIE-ZDROJ 2021"]
[Site "Jastrzebie-Zdroj"]
[Date "2021.11.07"]
[Round "1.15"]
[White "Gawron, Tobiasz"]
[Black "Fojcik, Kacper"]
[Result "0-1"]
[WhiteElo "1190"]
[BlackElo "1345"]
[PlyCount "106"]
[EventDate "2021.??.??"]

1. e4 c6 2. d4 d5 3. exd5 cxd5 4. Bd3 Nc6 5. c3 Qc7 6. h3 Nf6 7. Nf3 g6 8. O-O
Bf5 9. Bg5 Bxd3 10. Qxd3 Bg7 11. Re1 O-O 12. Nbd2 e6 13. Ne5 Nxe5 14. dxe5 Nd7
15. Qe3 Qxe5 16. Be7 Qxe3 17. Rxe3 Rfe8 18. Bd6 Bf8 19. Bf4 Rac8 20. Rd1 Nb6
21. b3 Bg7 22. Nb1 e5 23. Bg3 d4 24. cxd4 exd4 25. Rxe8+ Rxe8 26. Kf1 Nd5 27.
Na3 Nc3 28. Rd2 Ne4 29. Rd3 Nc5 30. Rd1 Rd8 31. Nb5 Ne4 32. Bf4 g5 33. Be3 a6
34. Nxd4 f5 35. f3 Ng3+ 36. Ke1 f4 37. Bf2 Re8+ 38. Kd2 Bxd4 39. Bxd4 Re2+ 40.
Kc3 Rxa2 41. Bf6 h6 42. Rd7 b5 43. Rg7+ Kf8 44. Rh7 Nf5 45. Ra7 Rxg2 46. Rxa6
Rg3 47. Ra5 Rxf3+ 48. Kb4 Kf7 49. Bc3 Nd6 50. Be5 Rd3 51. Bxd6 Rxd6 52. Rxb5 f3
53. Rf5+ Rf6 0-1

[Event "OPEN JASTRZEBIE-ZDROJ 2021"]
[Site "Jastrzebie-Zdroj"]
[Date "2021.11.08"]
[Round "3.1"]
[White "Niedbala, Bartlomiej"]
[Black "Drabiniok, Kazimierz"]
[Result "1-0"]
[WhiteElo "2382"]
[BlackElo "1856"]
[PlyCount "63"]
[EventDate "2021.??.??"]

1. e4 d5 2. exd5 Qxd5 3. Nc3 Qa5 4. d4 c6 5. Bc4 Nf6 6. Bd2 Qc7 7. Nf3 Bg4 8.
h3 Bxf3 9. Qxf3 e6 10. O-O-O Nbd7 11. g4 h6 12. h4 Nb6 13. Bb3 Nbd5 14. Nxd5
Nxd5 15. c4 Nf6 16. g5 hxg5 17. hxg5 Rxh1 18. Rxh1 Nd7 19. c5 b6 20. g6 f6 21.
Bxe6 bxc5 22. Bf4 Qb6 23. Bf7+ Kd8 24. Qe4 Kc8 25. d5 Ne5 26. Bxe5 fxe5 27.
dxc6 Kc7 28. Qxe5+ Bd6 29. Qxg7 Kxc6 30. Qf6 Kb5 31. g7 Qc6 32. Rd1 1-0